| 000 | 03355nam a2200361 i 4500 | ||
|---|---|---|---|
| 001 | 991061522857406706 | ||
| 003 | ES-BaIT | ||
| 005 | 20251202075605.0 | ||
| 008 | 251128e2025 spc 000 f spa|c | ||
| 020 | _a9788485209866 | ||
| 040 |
_aES-BaIT _bcat _erda _cES-BaIT |
||
| 080 |
_a364.61:792 _22004 |
||
| 080 | _a792.06 | ||
| 245 | 0 | 0 |
_aTeatro y teoría social / _cPablo López Calle (ed.) |
| 250 | _a1ª edición | ||
| 264 | 1 |
_a[Lloc de publicacio no identificat] : _bIrrecuperables, _cmarzo 2025 |
|
| 300 |
_a412 pàgines ; _c23 cm |
||
| 336 |
_atext _btxt _2rdacontent |
||
| 337 |
_asense mediació _bn _2rdamedia |
||
| 338 |
_avolum _bnc _2rdacarrier |
||
| 490 | 1 |
_aCalma tensa ; _v20 |
|
| 505 | 8 | _aConté: Introducción -- Deíctica del teatro -- Teatro en el espejo [de la sociología] -- Espectador -- 2.1. El espectador en la obra -- 2.2. El teatro en el espectador -- 2.3. Actor-espectador -- Actor -- 3.1. Actor como autor -- 3.2. La persona ficta -- 3.3. Espectador-actor -- Autor-- 4.1. Autores cual actores -- 4.2. El cuerpo del autor -- 4.3. Autor como productor -- Carácter y destino en las Ciencias Sociales - -El buen actor y el buen espectador -- TEXTOS: Fernando Gallego -- Augusto Boal -- Gaspar Melchor de Jovellanos -- Jean-Jacques Rousseau -- David Hume I -- Antonin Artaud -- Thomas Hobbes -- Denis Diderot -- San Agustín -- Emilia Pardo Bazán -- Michel Foucault I -- Walter Benjamin -- Jean Duvignaud -- Michel Foucault II -- Rafael Sánchez Ferlosio I -- Jacques Derrida -- Rafael Sánchez Ferlosio II -- David Hume II | |
| 520 | _a"El análisis del teatro social no es sólo una forma de entender cómo la representación de una acción social es una acción social, y en qué consiste ésta, sino también puede ser una forma de comprender cómo el análisis de la acción social está condicionado por los límites de la representación. A modo de seminario de lecturas este libro es un compendio de textos clásicos que, en unos casos, tratan el tema del teatro como medio de transformación social, y en otros, el de cómo librar con la representación a la hora de representar -esto es, conocer- la realidad social. El punto de partida es la reflexión surgida de nuestro Aula Laboratorio de Teatro Social en la Facultad de Ciencias Políticas de la UCM, en el que desarrollamos, desde hace casi una década, una variante del Teatro del Oprimido conocida como Teatro Foro, y que utilizamos como una metodología de investigación social participativa y de innovación docente. A través de lo que hemos denominado una deíctica del teatro (los lugares desde donde se mira al hablar) proponemos un itinerario de lectura de textos que transita por las diferentes posiciones desde las que podemos observar la acción dramática (el espectador, el actor y el autor de la obra). Lugares que, en última instancia, son las posiciones desde las que podemos observar la acción social y que dan lugar a perspectivas diferentes, a veces encontradas, sobre la misma." -- Contracoberta | ||
| 650 | 0 |
_aArt i acció social _2lemac _9167994 |
|
| 650 | 4 |
_aTeatre aplicat _966151 |
|
| 650 | 7 |
_aTeatre social _957941 |
|
| 650 | 7 |
_aTeatre i societat _957896 |
|
| 700 | 1 |
_aLópez Calle, Pablo _eeditor literari _9167995 |
|
| 830 |
_aCalma tensa _v20 _9167996 |
||
| 908 | _aCDMAE | ||
| 940 | _aCVA7 | ||
| 942 |
_2udc _c1 |
||
| 999 |
_c136857 _d136857 |
||